100 Best Male Footballers 2022 - Statistics

General Stats
  • This quiz has been taken 524 times
  • The average score is 52 of 100
Answer Stats
# Club Player % Correct
2 Paris Saint-Germain Kylian Mbappé
98%
1 Paris Saint-Germain Lionel Messi
98%
4 Manchester City Erling Haaland
95%
3 Real Madrid Karim Benzema
94%
51 Al Nassr Cristiano Ronaldo
91%
6 Manchester City Kevin De Bruyne
91%
5 Real Madrid Luka Modric
91%
10 Liverpool Mohamed Salah
91%
8 Real Madrid Vinícius Júnior
91%
13 Tottenham Hotspur Harry Kane
90%
7 Barcelona Robert Lewandowski
90%
12 Paris Saint-Germain Neymar
89%
9 Real Madrid Thibaut Courtois
85%
26 Tottenham Hotspur Son Heung-min
82%
17 Atlético Madrid Antoine Griezmann
77%
14 Borussia Dortmund Jude Bellingham
77%
11 Bayern Munich Sadio Mané
77%
39 Real Madrid Toni Kroos
77%
28 Manchester United Bruno Fernandes
73%
19 Barcelona Pedri
73%
53 Manchester City Rodri
73%
27 Liverpool Virgil van Dijk
71%
93 Real Madrid Rodrygo
70%
44 Manchester City Rúben Dias
70%
70 Inter Milan Lautaro Martínez
69%
22 Arsenal Bukayo Saka
68%
20 Aston Villa Emiliano Martínez
68%
41 Bayern Munich Joshua Kimmich
68%
34 Liverpool Alisson
67%
54 Manchester City Ederson
67%
15 Manchester United Casemiro
66%
81 Manchester United Lisandro Martínez
65%
59 Liverpool Luis Díaz
65%
91 Bayern Munich Manuel Neuer
65%
98 Bayern Munich Leroy Sané
64%
29 Manchester City Bernardo Silva
63%
37 Barcelona Gavi
63%
24 Manchester City Phil Foden
63%
23 AC Milan Rafael Leão
63%
58 Manchester United Marcus Rashford
62%
75 Chelsea Thiago Silva
61%
84 Manchester City Kyle Walker
58%
52 Napoli Victor Osimhen
58%
60 Liverpool Trent Alexander-Arnold
57%
16 Paris Saint-Germain Achraf Hakimi
56%
56 Real Madrid Antonio Rüdiger
56%
42 Real Madrid David Alaba
51%
67 Real Madrid Éder Militão
51%
25 Bayern Munich Jamal Musiala
51%
35 Arsenal Martin Ødegaard
51%
38 Juventus Ángel Di María
50%
18 Real Madrid Federico Valverde
50%
55 Manchester City Ilkay Gündogan
49%
89 Barcelona Frenkie de Jong
48%
97 Liverpool Andrew Robertson
47%
21 Benfica Enzo Fernández
47%
36 Manchester City João Cancelo
47%
62 Arsenal Gabriel Jesus
46%
32 Manchester City Julián Álvarez
46%
65 Paris Saint-Germain Marquinhos
46%
30 AC Milan Olivier Giroud
46%
46 AC Milan Theo Hernández
46%
82 Liverpool Darwin Núñez
45%
88 West Ham Declan Rice
45%
95 Bayern Munich Serge Gnabry
44%
45 Real Madrid Aurélien Tchouaméni
43%
76 Tottenham Hugo Lloris
43%
57 Manchester City Riyad Mahrez
43%
66 Juventus Dusan Vlahovic
41%
64 Bayern Munich Alphonso Davies
40%
47 Brighton Alexis Mac Allister
39%
85 Manchester United Raphaël Varane
39%
40 Napoli Khvicha Kvaratskhelia
38%
87 Lazio Ciro Immobile
37%
69 Barcelona Ousmane Dembélé
37%
33 RB Leipzig Cristopher Nkunku
36%
74 AC Milan Mike Maignan
35%
86 Bayern Munich Dayot Upamecano
32%
77 Liverpool Fabinho
30%
31 RB Leipzig Josko Gvardiol
30%
73 Inter Milan Nicoló Barella
30%
50 Liverpool Cody Gakpo
27%
72 Tottenham Cristian Romero
26%
43 Sevilla Yassine ‘Bono’ Bounou
25%
94 Chelsea Reece James
24%
48 Atlético Madrid Rodrigo De Paul
24%
96 AC Milan Sandro Tonali
23%
90 Newcastle Bruno Guimarães
22%
61 Tottenham Richarlison
21%
83 Fulham Aleksandar Mitrovic
20%
100 Benfica Nicolás Otamendi
18%
71 Dinamo Zagreb Dominik Livakovic
16%
80 Chelsea Kalidou Koulibaly
15%
49 Fiorentina Sofyan Amrabat
15%
68 Inter Milan Marcelo Brozovic
14%
78 Porto Mehdi Taremi
12%
63 Chelsea Hakim Ziyech
11%
99 Flamengo Gabriel Barbosa
10%
79 Angers Azzedine Ounahi
8%
92 Flamengo Giorgian de Arrascaeta
5%
No matching quizzes found
Score Distribution
Percent of People with Each Score
Percentile by Number Answered
Your Score History
You have not taken this quiz